| 000 | 00647nam a2200253Ia 4500 | ||
|---|---|---|---|
| 008 | 170203s9999 xx 000 0 und d | ||
| 020 | _a9780374356385 | ||
| 050 | _aFic | ||
| 050 | _bC335o | ||
| 100 | _aCasanova, Mary. | ||
| 245 | _aOne-dog canoe / | ||
| 245 | _cby Mary Casanova ; pictures by Ard Hoyt. | ||
| 260 | _aNew York : | ||
| 260 | _bFarrar, | ||
| 260 | _c2003 | ||
| 300 | _a1 volume (unpaged) : | ||
| 300 | _bcolor illustrations ; | ||
| 300 | _c27 cm | ||
| 650 | _aAnimals -- | ||
| 650 | _aCanoes and canoeing -- | ||
| 650 | _aStories in rhyme. | ||
| 650 | _xJuvenile fiction. | ||
| 650 | _xJuvenile fiction. | ||
| 999 |
_c306526 _d306526 |
||